000
00309nam a2200121Ia 4500
008
191201s2014 xx 000 0 und d
100
_a
CHAKROBORTY, Partha
245
0
_a
Principles of Transportation Engineering
260
_a
N. Delhi
_b
Oxford
_c
2014
300
_a
520
650
_a
B.Tech(CE)
942
_2
ddc
_c
BK
999
_c
6080
_d
6080